| 000 | 00373nam a2200133Ia 4500 | ||
|---|---|---|---|
| 008 | 150202s9999 xx 000 0 und d | ||
| 020 | _a61041653 | ||
| 050 |
_aFIC _bFIC |
||
| 100 | _aBuckley, William F. Jr. | ||
| 245 |
_aTucker's Last Stand / _cWilliam F. Buckley. |
||
| 260 |
_aNew York : _bStripped Books, _c1990. |
||
| 300 |
_a340 pages : _c18 cm. |
||
| 650 | _aFiction. | ||
| 999 |
_c281891 _d281891 |
||